| 000 | 00618aam a2200241 4500 | ||
|---|---|---|---|
| 005 | 20260325180646.0 | ||
| 008 | 150720b2019 xxu||||| |||| 00| 0 spa d | ||
| 020 | _a9789563924497 | ||
| 041 | _aESP | ||
| 082 | _a364.36 D249p | ||
| 100 |
_aDavid, Pedro R _97322 |
||
| 245 | _aSociología Criminal Juvenil | ||
| 260 | _aArgentina | ||
| 260 | _bEdiciones Olejnik | ||
| 260 | _c2019 | ||
| 300 | _a176 páginas | ||
| 490 | _aInvestigación Criminal | ||
| 650 | _aDELINCUENCIA JUVENIL | ||
| 650 | _aCRIMINOLOGÍA | ||
| 650 | _aSOCIOLOGIA CRIMINAL | ||
| 650 | _aTEORÍAS CRIMINOLÓGICAS | ||
| 942 |
_cBK _2ddc |
||
| 999 |
_c11961 _d11961 |
||